[Event "POL-chT 2nd League"]
[Site "Jastrzebia Gora"]
[Date "2023.09.04"]
[Round "3.95"]
[White "Rusiniak, Slawomir"]
[Black "Soliwoda, Zygmunt"]
[Result "1-0"]
[WhiteElo "2073"]
[BlackElo "1752"]
[PlyCount "111"]
[EventDate "2023.09.02"]
[EventType "team-swiss"]
[EventRounds "9"]
[EventCountry "POL"]
[SourceTitle "EXT 2024"]
[Source "ChessBase"]
[SourceDate "2023.10.10"]
[SourceVersion "1"]
[SourceVersionDate "2023.10.10"]
[SourceQuality "1"]
[WhiteTeam "Zakrzewo Korona"]
[BlackTeam "Myslenice MAT"]
[WhiteTeamCountry "POL"]
[BlackTeamCountry "POL"]

1. d4 Nf6 2. Nf3 e6 3. c4 b6 4. g3 Bb7 5. Bg2 c5 6. 0-0 cxd4 7. Nxd4 Bxg2 8. Kxg2 Qc7 9. b3 Bc5 10. Nc3 a6 11. Bb2 Nc6 12. Nf3 Ne5 13. Nd5 exd5 14. Bxe5 Qc6 15. cxd5 Qxd5 16. Qxd5 Nxd5 17. Bxg7 Rg8 18. Bd4 Bxd4 19. Nxd4 Rc8 20. Rfd1 Rc5 21. e3 Rg6 22. Rd2 Rf6 23. Re1 Nc3 24. e4 d6 25. f3 Kd7 26. Re3 Nb5 27. Nf5 Kc7 28. Red3 Rc6 29. Ne7 Re6 30. Nxc6 Kxc6 31. g4 Nc7 32. h4 Ne8 33. Rd5 Rh6 34. Kg3 Rg6 35. Rf5 f6 36. Rfd5 Kc7 37. a4 Rg7 38. Kf4 Rd7 39. Kf5 Re7 40. Rc2+ Kd7 41. b4 Nc7 42. Rd3 Re5+ 43. Kf4 a5 44. bxa5 Rxa5 45. Rcd2 Ne8 46. Rd4 Ke7 47. Rb2 Nc7 48. Kg3 Ra6 49. Rdb4 Kd7 50. Rxb6 Rxa4 51. Rd2 d5 52. exd5 Ne8 53. Rb7+ Kd6 54. Rxh7 Ra6 55. h5 Nc7 56. Rf7 1-0

[Event "EU-ch Blitz"]
[Site "Katowice"]
[Date "2022.12.16"]
[Round "1"]
[White "Soliwoda, Zygmunt"]
[Black "Tazbir, Marcin"]
[Result "0-1"]
[WhiteElo "1720"]
[BlackElo "2508"]
[PlyCount "60"]
[EventDate "2022.12.16"]
[EventType "swiss (blitz)"]
[EventRounds "22"]
[EventCountry "POL"]
[SourceTitle "CBM 211 Extra"]
[Source "ChessBase"]
[SourceDate "2023.01.31"]
[SourceVersion "1"]
[SourceVersionDate "2023.01.31"]
[SourceQuality "1"]

1. c4 e5 2. Nc3 Bb4 3. g3 Bxc3 4. bxc3 d6 5. Bg2 Nc6 6. d4 Bd7 7. Rb1 Rb8 8. e3 f5 9. Ne2 Nf6 10. 0-0 e4 11. Nf4 0-0 12. Nd5 Na5 13. Qe2 Be6 14. Rb5 c6 15. Nxf6+ Rxf6 16. Rb4 c5 17. Ra4 b6 18. d5 Bd7 19. Ra3 Qe8 20. f3 exf3 21. Rxf3 Bc8 22. e4 Ba6 23. Bh3 Bxc4 24. Qf2 Qxe4 25. Bxf5 Rxf5 26. Rxf5 Bxd5 27. Kf1 Re8 28. Bg5 Qh1+ 29. Qg1 Bc4+ 30. Kf2 Re2+ 0-1

[Event "POL-chT 2nd League"]
[Site "Sypniewo"]
[Date "2021.09.11"]
[Round "8.15"]
[White "Przybylski, Bartosz1111"]
[Black "Soliwoda, Zygmunt"]
[Result "0-1"]
[WhiteElo "1667"]
[BlackElo "1593"]
[PlyCount "68"]
[EventDate "2021.09.04"]
[EventType "team-swiss"]
[EventRounds "9"]
[EventCountry "POL"]
[SourceTitle "CBM 204 Extra"]
[Source "ChessBase"]
[SourceDate "2021.11.30"]
[SourceVersion "1"]
[SourceVersionDate "2021.11.30"]
[SourceQuality "1"]
[WhiteTeam "Bydgoszcz Wiartrak"]
[BlackTeam "Myslenice MAT"]
[WhiteTeamCountry "POL"]
[BlackTeamCountry "POL"]

1. b3 d5 2. Bb2 c5 3. e3 Nc6 4. Nf3 Nf6 5. d4 Bg4 6. Be2 e6 7. Nbd2 Rc8 8. 0-0 cxd4 9. exd4 Bd6 10. Ne5 Bxe2 11. Qxe2 0-0 12. f4 Qb6 13. c3 Rc7 14. Rf3 Rfc8 15. Raf1 Nxd4 16. cxd4 Rc2 17. Ba1 Ne4 18. Rd3 Bb4 19. Qh5 g6 20. Nxe4 dxe4 21. Rg3 Rxa2 22. Qd1 Rcc2 23. Nc4 Qd8 24. Ne3 Rd2 25. Qb1 Re2 26. f5 Bd6 27. fxg6 Bxg3 28. gxh7+ Kh8 29. d5+ e5 30. hxg3 Qg5 31. Qxe4 Qxe3+ 32. Qxe3 Rxg2+ 33. Kh1 Rh2+ 34. Kg1 Rag2# 0-1

[Event "POL-chT 2nd League"]
[Site "Sypniewo"]
[Date "2021.09.09"]
[Round "6.17"]
[White "Soliwoda, Zygmunt"]
[Black "Lewandowski, Wiktor"]
[Result "1/2-1/2"]
[WhiteElo "1593"]
[BlackElo "1812"]
[PlyCount "78"]
[EventDate "2021.09.04"]
[EventType "team-swiss"]
[EventRounds "9"]
[EventCountry "POL"]
[SourceTitle "CBM 204 Extra"]
[Source "ChessBase"]
[SourceDate "2021.11.30"]
[SourceVersion "1"]
[SourceVersionDate "2021.11.30"]
[SourceQuality "1"]
[WhiteTeam "Myslenice MAT"]
[BlackTeam "Legnica Miedz II"]
[WhiteTeamCountry "POL"]
[BlackTeamCountry "POL"]

1. d4 Nf6 2. c4 e6 3. Nc3 d5 4. Bg5 c6 5. e3 Nbd7 6. Nf3 Qa5 7. Bxf6 Nxf6 8. a3 Ne4 9. Qb3 Nxc3 10. Qxc3 Qxc3+ 11. bxc3 Be7 12. a4 dxc4 13. Bxc4 a5 14. Rb1 0-0 15. Ke2 Rb8 16. Ne5 Bd6 17. Nd3 Rd8 18. Rb2 Bc7 19. Rhb1 b6 20. Nc5 Ra8 21. Ne4 Bd7 22. f4 Rab8 23. Bd3 h6 24. c4 f5 25. Nc3 Kf7 26. c5 bxc5 27. dxc5 Rxb2+ 28. Rxb2 Rb8 29. Nd1 e5 30. g3 g5 31. fxe5 Bxe5 32. Rxb8 Bxb8 33. Nb2 Kf6 34. Nc4 Bc7 35. Nb6 Be8 36. Ba6 h5 37. Bc8 h4 38. gxh4 gxh4 39. h3 Ke5 1/2-1/2